[Event "37th Reykjavik op"]
[Site "Reykjavik ISL"]
[Date "2024.03.17"]
[Round "4.35"]
[White "Strathmann, Sacha"]
[Black "Larkin, Vladyslav"]
[WhiteElo "2129"]
[BlackElo "2450"]
[Result "0-1"]
[EventDate "2024.03.15"]
[PlyCount "152"]

1. e4 {[%eval 13,0]} c5 {[%eval 33,0]} 2. Nf3 {[%eval 22,0]} e6 {[%eval 41,0]}
3. d4 {[%eval 42,0]} cxd4 {[%eval 26,0]} 4. Nxd4 {[%eval 4,0]} a6 {[%eval 45,0]
} 5. Nc3 {[%eval 32,0]} b5 {[%eval 41,0]} 6. Bd3 {[%eval 24,0]} Bb7 {[%eval 58,
0]} 7. O-O {[%eval 17,0]} Nc6 {[%eval 57,0]} 8. Be3 $6 {[%eval 3,0] Inaccuracy.
Nxc6 was best.} (8. Nxc6 Bxc6 9. Re1 Bc5 10. Qh5 d6 11. e5 Bd4 12. Bg5 Qb6)
8... Qc7 {[%eval 16,0]} 9. Qe2 {[%eval 4,0]} Nf6 {[%eval 12,0]} 10. a3 {
[%eval 0,0]} h5 {[%eval 35,0]} 11. h3 {[%eval 37,0]} Rc8 {[%eval 31,0]} 12. f4
{[%eval 31,0]} h4 {[%eval 68,0]} 13. Qf2 $6 {[%eval 0,0] Inaccuracy. Nb3 was
best.} (13. Nb3) 13... Nxd4 {[%eval 0,0]} 14. Bxd4 {[%eval 13,0]} Be7 $6 {
[%eval 97,0] Inaccuracy. Bc5 was best.} (14... Bc5 15. e5) 15. Rfe1 $2 {
[%eval 29,0] Mistake. e5 was best.} (15. e5 Ng8 16. a4 b4 17. Ne4 Bxe4 18. Bxe4
Nh6 19. a5 Nf5 20. Bb6 Qb8 21. Bd3 Qb7) 15... Nh5 {[%eval 0,0]} 16. f5 {
[%eval 47,0]} Bc5 {[%eval 0,0]} 17. Ne2 {[%eval 8,0]} Nf6 {[%eval 37,0]} 18. b4
{[%eval 14,0]} Bd6 {[%eval 25,0]} 19. Qe3 {[%eval 73,0]} Qc6 $2 {[%eval 84,0]
Mistake. e5 was best.} (19... e5 20. Bb2) 20. Bb2 $2 {[%eval 38,0] Mistake. c4
was best.} (20. c4 e5) 20... e5 {[%eval 21,0]} 21. Nc3 {[%eval 49,0]} Bc7 {
[%eval 53,0]} 22. Kh2 {[%eval 5,0]} Bb6 {[%eval 4,0]} 23. Qc1 $6 {[%eval -76,0]
Inaccuracy. Qe2 was best.} (23. Qe2 Qd6 24. Nd1 O-O 25. Nf2 Qe7 26. Bc1 Bd4 27.
Rb1 d5 28. Bg5 dxe4 29. Nxe4 Bxe4) 23... Bf2 {[%eval -97,0]} 24. Re2 {[%eval
-45,0]} Qb6 {[%eval -34,0]} 25. Qf1 {[%eval -191,0]} Bg3+ {[%eval -195,0]} 26.
Kh1 {[%eval -172,0]} Nh5 {[%eval -186,0]} 27. Qg1 {[%eval -199,0]} Qc7 {
[%eval -49,0]} 28. Qa7 {[%eval -24,0]} Bf4 {[%eval -65,0]} 29. Kg1 {[%eval -34,
0]} Ng3 {[%eval -63,0]} 30. Ree1 {[%eval -63,0]} Bd2 $2 {[%eval 1,0] Mistake.
O-O was best.} (30... O-O 31. Ne2 Bd2 32. Nxg3 hxg3 33. Red1 Bf4 34. Bc1 Ra8
35. Qc5 Qxc5+ 36. bxc5 Rac8 37. Bxf4) 31. Red1 $2 {[%eval -35,0] Mistake. Nd5
was best.} (31. Nd5 Bxd5 32. Qxc7 Rxc7 33. Bxe5 d6 34. Bxd6 Rd7 35. exd5+ Bxe1
36. Rxe1+ Kd8 37. Bxg3 hxg3) 31... Bxc3 {[%eval -45,0]} 32. Bxc3 {[%eval -38,0]
} d6 $6 {[%eval 66,0] Inaccuracy. f6 was best.} (32... f6 33. Be1 Nxe4 34. c4
bxc4 35. Rac1 Nd6 36. a4 Be4 37. Qxc7 Rxc7 38. Bf1 Ke7 39. b5) 33. Be1 {
[%eval 44,0]} Nxe4 {[%eval 59,0]} 34. Bxe4 {[%eval 72,0]} Bxe4 {[%eval 92,0]}
35. Qxc7 $6 {[%eval -194,0] Inaccuracy. Qxa6 was best.} (35. Qxa6 O-O 36. Qxd6
Qxd6 37. Rxd6 Rxc2 38. Rd2 Rxd2 39. Bxd2 Rc8 40. Be1 Rc2 41. Bf2 Bxf5) 35...
Rxc7 {[%eval -198,0]} 36. Rxd6 {[%eval -172,0]} Rxc2 {[%eval -8,0]} 37. Bf2 {
[%eval -194,0]} f6 {[%eval -188,0]} 38. Rxa6 $2 {[%eval -211,0] Mistake. Rad1
was best.} (38. Rad1 Kf7 39. Rd7+ Kg8 40. Rd8+ Kh7 41. Rxh8+ Kxh8 42. Rd6 Rc4
43. Rxa6 Bxf5 44. a4 bxa4) 38... Rh5 {[%eval -211,0]} 39. Re1 {[%eval -227,0]}
Rxf5 $6 {[%eval -169,0] Inaccuracy. Bd5 was best.} (39... Bd5 40. Rd1 Rxf5 41.
Rxd5 Rfxf2 42. Ra7 Rxg2+ 43. Kh1 Rh2+ 44. Kg1 Rcg2+ 45. Kf1 Rd2 46. Rxd2) 40.
Rxe4 {[%eval -167,0]} Rfxf2 {[%eval -109,0]} 41. Ra8+ {[%eval -147,0]} Kf7 {
[%eval -131,0]} 42. Ra7+ {[%eval -135,0]} Kg6 {[%eval -178,0]} 43. Rg4+ {
[%eval -299,0]} Kf5 {[%eval -298,0]} 44. Raxg7 {[%eval -122,0]} Rf4 {[%eval
-151,0]} 45. a4 $6 {[%eval -224,0] Inaccuracy. Rxf4+ was best.} (45. Rxf4+ Kxf4
) 45... bxa4 {[%eval -393,0]} 46. Rxf4+ {[%eval -399,0]} Kxf4 {[%eval -206,0]}
47. Ra7 {[%eval -207,0]} Ra2 {[%eval -206,0]} 48. b5 {[%eval -333,0]} e4 {
[%eval -349,0]} 49. b6 {[%eval -383,0]} f5 {[%eval -291,0]} 50. Kf1 {[%eval
-315,0]} Ke3 {[%eval -331,0]} 51. Kg1 {[%eval -342,0]} Rb2 {[%eval -377,0]} 52.
Rxa4 {[%eval -381,0]} Rb1+ {[%eval -400,0]} 53. Kh2 {[%eval -338,0]} Rxb6 {
[%eval -495,0]} 54. Ra3+ {[%eval -325,0]} Kf4 {[%eval -354,0]} 55. Kg1 {
[%eval -301,0]} e3 {[%eval -331,0]} 56. Kf1 {[%eval -316,0]} Re6 {[%eval -328,
0]} 57. Ra8 {[%eval -347,0]} Rc6 $4 {[%eval 26,0] Blunder. Kg3 was best.} (
57... Kg3 58. Rf8 e2+ 59. Ke1 Kxg2 60. Rxf5 Kxh3 61. Rf3+ Kg2 62. Rf2+ Kg3 63.
Rf8 Re4 64. Rg8+) 58. Ra3 $4 {[%eval -304,0] Blunder. Rg8 was best.} (58. Rg8)
58... Ke4 {[%eval -347,0]} 59. Ke2 {[%eval -325,0]} Rc2+ {[%eval -361,0]} 60.
Kf1 {[%eval -366,0]} Kd4 {[%eval -322,0]} 61. Rb3 {[%eval -328,0]} Rd2 {
[%eval -334,0]} 62. Rb8 {[%eval -372,0]} Kc3 $4 {[%eval 8,0] Blunder. Rf2+ was
best.} (62... Rf2+ 63. Kg1 Kc3 64. Ra8 Rc2 65. Kf1 f4 66. Ra5 Rf2+ 67. Kg1 Rb2
68. Kf1 Rc2 69. Ra6) 63. Rc8+ {[%eval 25,0]} Kd3 {[%eval 23,0]} 64. Rd8+ {
[%eval 27,0]} Kc2 {[%eval 31,0]} 65. Re8 $4 {[%eval -301,0] Blunder. Ra8 was
best.} (65. Ra8 Kd3 66. Rd8+ Ke4 67. Rg8 Ke5 68. Ke1 Kf4 69. Rg7 Rd8 70. Ke2
Re8 71. Rg6 Ke4) 65... f4 {[%eval -471,0]} 66. Ra8 {[%eval -499,0]} Rd1+ $4 {
[%eval 19,0] Blunder. Kc1 was best.} (66... Kc1 67. Ra1+ Kb2 68. Ra4 Rf2+ 69.
Kg1 Rc2 70. Kf1 Kc1 71. Ke1 Rf2 72. Rc4+ Kb2 73. Kd1) 67. Ke2 {[%eval 23,0]}
Rd2+ {[%eval 18,0]} 68. Kf1 $4 {[%eval -356,0] Blunder. Ke1 was best.} (68. Ke1
Rd5 69. Ke2 Rg5 70. Rc8+ Kb3 71. Rb8+ Kc3 72. Rc8+ Kb4 73. Rb8+ Kc5 74. Kf1 Kc4
) 68... Kb3 $4 {[%eval 1,0] Blunder. Kc1 was best.} (68... Kc1 69. Ra1+ Kb2 70.
Ra4 Rf2+ 71. Kg1 Kb3 72. Re4 Kc3 73. Re8 Kd3 74. Rd8+ Ke2 75. Rd4) 69. Rb8+ {
[%eval 8,0]} Kc3 {[%eval 12,0]} 70. Rc8+ {[%eval 8,0]} Kd3 {[%eval 14,0]} 71.
Rd8+ {[%eval 13,0]} Kc2 {[%eval 0,0]} 72. Ra8 {[%eval -391,0]} Rf2+ $4 {
[%eval 14,0] Blunder. Kc1 was best.} (72... Kc1 73. Ra1+ Kb2 74. Ra4 Rf2+ 75.
Kg1 Kb3 76. Re4 Kc3 77. Re7 Kd3 78. Rd7+ Ke2 79. Re7) 73. Kg1 $4 {[%eval -452,
0] Blunder. Ke1 was best.} (73. Ke1 Kd3 74. Rd8+ Ke4 75. Re8+ Kf5 76. Rg8 Ra2
77. Rf8+ Ke4 78. Re8+ Kd5 79. Rd8+ Ke6) 73... Kb1 {[%eval -469,0]} 74. Ra4 {
[%eval -478,0]} Rc2 {[%eval -303,0]} 75. Rxf4 $6 {[%eval -526,0] Inaccuracy.
Kf1 was best.} (75. Kf1 Kc1 76. Rd4 Rf2+ 77. Kg1 Rd2 78. Rc4+ Kd1 79. Ra4 Ke2
80. Rxf4 Kd3 81. Rf3 Rd1+) 75... Rc1+ 76. Rf1 e2 0-1

[Event "37th Reykjavik op"]
[Site "Reykjavik ISL"]
[Date "2024.03.17"]
[Round "4.36"]
[White "Fantinel, Thibault"]
[Black "Barthel, Ansgar"]
[WhiteElo "2421"]
[BlackElo "2073"]
[Result "1-0"]
[EventDate "2024.03.15"]
[PlyCount "155"]

1. e4 {[%eval 13,0]} Nf6 {[%eval 67,0]} 2. e5 {[%eval 74,0]} Nd5 {[%eval 72,0]}
3. d4 {[%eval 54,0]} d6 {[%eval 79,0]} 4. c4 {[%eval 48,0]} Nb6 {[%eval 78,0]}
5. exd6 {[%eval 25,0]} cxd6 {[%eval 51,0]} 6. Nc3 {[%eval 91,0]} g6 {[%eval 68,
0]} 7. h3 {[%eval 52,0]} Bg7 {[%eval 62,0]} 8. Nf3 {[%eval 76,0]} O-O {[%eval
76,0]} 9. Be2 {[%eval 79,0]} Nc6 {[%eval 82,0]} 10. O-O {[%eval 73,0]} Bf5 {
[%eval 74,0]} 11. d5 {[%eval 81,0]} Na5 {[%eval 71,0]} 12. Nd4 {[%eval 79,0]}
Naxc4 {[%eval 72,0]} 13. a4 {[%eval 71,0]} a5 {[%eval 69,0]} 14. Nxf5 {[%eval
75,0]} gxf5 {[%eval 76,0]} 15. Re1 {[%eval 67,0]} Ne5 {[%eval 84,0]} 16. Bb5 {
[%eval 100,0]} Nbd7 {[%eval 124,0]} 17. Qh5 {[%eval 102,0]} e6 {[%eval 85,0]}
18. Bh6 $6 {[%eval 5,0] Inaccuracy. f4 was best.} (18. f4) 18... Bxh6 {[%eval
1,0]} 19. Qxh6 {[%eval 2,0]} Qf6 $6 {[%eval 92,0] Inaccuracy. Nc5 was best.} (
19... Nc5) 20. Qxf6 {[%eval 95,0]} Nxf6 {[%eval 86,0]} 21. f4 {[%eval 83,0]}
Ng6 {[%eval 84,0]} 22. dxe6 {[%eval 79,0]} fxe6 {[%eval 86,0]} 23. Rxe6 {
[%eval 89,0]} Nxf4 {[%eval 76,0]} 24. Rxd6 {[%eval 86,0]} Rad8 {[%eval 79,0]}
25. Rad1 {[%eval 84,0]} Rxd6 {[%eval 93,0]} 26. Rxd6 {[%eval 97,0]} Ne4 {
[%eval 98,0]} 27. Rd4 {[%eval 92,0]} Nxc3 {[%eval 87,0]} 28. bxc3 {[%eval 91,0]
} Ng6 {[%eval 92,0]} 29. Rd7 {[%eval 94,0]} b6 {[%eval 101,0]} 30. Rd6 {
[%eval 112,0]} Rc8 {[%eval 114,0]} 31. Rxb6 {[%eval 77,0]} Rxc3 {[%eval 93,0]}
32. Ra6 {[%eval 98,0]} Rc1+ {[%eval 96,0]} 33. Kh2 {[%eval 78,0]} f4 {[%eval
89,0]} 34. Rxa5 {[%eval 91,0]} Nh4 {[%eval 138,0]} 35. Be2 $2 {[%eval 13,0]
Mistake. Bd3 was best.} (35. Bd3) 35... Rc2 {[%eval 12,0]} 36. Rg5+ {[%eval 12,
0]} Kh8 {[%eval 5,0]} 37. Re5 {[%eval 5,0]} f3 {[%eval 5,0]} 38. Re8+ {[%eval
6,0]} Kg7 {[%eval 18,0]} 39. gxf3 {[%eval 8,0]} Nxf3+ {[%eval 14,0]} 40. Kg3 {
[%eval 8,0]} Nd4 {[%eval 31,0]} 41. Bg4 {[%eval 12,0]} Rc3+ {[%eval 21,0]} 42.
Kg2 {[%eval 18,0]} Ra3 {[%eval 14,0]} 43. Ra8 {[%eval 5,0]} Nc2 {[%eval 9,0]}
44. Bd7 {[%eval 9,0]} Ne3+ {[%eval 9,0]} 45. Kh2 {[%eval 17,0]} Nc4 {[%eval 8,
0]} 46. Bb5 {[%eval 13,0]} Nd6 $6 {[%eval 75,0] Inaccuracy. Ne5 was best.} (
46... Ne5) 47. Bf1 $6 {[%eval 11,0] Inaccuracy. Ra7+ was best.} (47. Ra7+)
47... Ra2+ {[%eval 18,0]} 48. Kg1 {[%eval 13,0]} Ra1 {[%eval 12,0]} 49. Kg2 {
[%eval 15,0]} Nf5 {[%eval 14,0]} 50. Bd3 {[%eval 3,0]} Nh4+ {[%eval 12,0]} 51.
Kf2 {[%eval 17,0]} Ra2+ {[%eval 53,0]} 52. Ke3 {[%eval 58,0]} Ng2+ $4 {[%eval
241,0] Blunder. Ra3 was best.} (52... Ra3) 53. Kd4 {[%eval 248,0]} Nf4 {
[%eval 233,0]} 54. Bf5 $4 {[%eval 53,0] Blunder. Bc4 was best.} (54. Bc4 Ra1
55. a5 Nxh3 56. a6 Nf4 57. Kc5 h5 58. a7 Kh7 59. Kb6 h4 60. Rf8 Rxa7) 54... Kf6
{[%eval 46,0]} 55. Bc8 {[%eval 45,0]} Ne6+ {[%eval 64,0]} 56. Kc4 {[%eval 68,0]
} Rc2+ {[%eval 67,0]} 57. Kd3 {[%eval 64,0]} Rc7 $6 {[%eval 132,0] Inaccuracy.
Rc1 was best.} (57... Rc1 58. Kd2) 58. a5 {[%eval 169,0]} Nc5+ {[%eval 123,0]}
59. Ke3 {[%eval 111,0]} Re7+ $6 {[%eval 229,0] Inaccuracy. Ke5 was best.} (
59... Ke5 60. a6 Kd5 61. Kf4 Kc6 62. Kg5 Ne4+ 63. Kh6 Nd6 64. Be6 Re7 65. Bg4
Kb6 66. Rf8) 60. Kf3 $6 {[%eval 152,0] Inaccuracy. Kd4 was best.} (60. Kd4 Nb3+
61. Kd3 Ke5 62. a6 Nc5+ 63. Kc4 Nxa6 64. Bxa6 Rd7 65. Kc3 Kf4 66. Be2 Ke3)
60... Nd3 {[%eval 105,0]} 61. Ra6+ {[%eval 159,0]} Ke5 {[%eval 188,0]} 62. Bg4
$2 {[%eval 72,0] Mistake. Rc6 was best.} (62. Rc6 Rf7+ 63. Kg3 Nf2 64. a6 Ne4+
65. Kh4 Nd6 66. Bg4 Kd5 67. Rc3 Ra7 68. Ra3 Kc5) 62... Kd5 $6 {[%eval 146,0]
Inaccuracy. Rf7+ was best.} (62... Rf7+ 63. Ke3 Nf4 64. Rh6 Nd5+ 65. Ke2 Rc7
66. a6 Rc2+ 67. Ke1 Ra2 68. Bc8 Nb4 69. Bb7) 63. Kg3 $6 {[%eval 82,0]
Inaccuracy. Rb6 was best.} (63. Rb6 Kc5) 63... Kc5 $6 {[%eval 187,0]
Inaccuracy. Nc5 was best.} (63... Nc5) 64. Ra8 $2 {[%eval 26,0] Mistake. Re6
was best.} (64. Re6) 64... Kb5 $6 {[%eval 108,0] Inaccuracy. Re3+ was best.} (
64... Re3+ 65. Kh2) 65. Bf5 {[%eval 76,0]} Nc5 $2 {[%eval 196,0] Mistake. Rg7+
was best.} (65... Rg7+) 66. Kg4 {[%eval 183,0]} Nb3 $6 {[%eval 291,0]
Inaccuracy. Ne4 was best.} (66... Ne4 67. h4) 67. Rb8+ {[%eval 300,0]} Kc4 {
[%eval 295,0]} 68. a6 {[%eval 294,0]} Nc5 {[%eval 343,0]} 69. Bc8 {[%eval 341,
0]} Ra7 {[%eval 305,0]} 70. Rb6 {[%eval 361,0]} Kd5 {[%eval 376,0]} 71. Bb7+ {
[%eval 383,0]} Ke5 {[%eval 432,0]} 72. Kg5 {[%eval 426,0]} Ne6+ {[%eval 433,0]}
73. Kh6 {[%eval 403,0]} Nf4 {[%eval 478,0]} 74. Rb3 {[%eval 412,0]} Ne6 {
[%eval 402,0]} 75. Kxh7 $4 {[%eval 51,0] Blunder. Rb5+ was best.} (75. Rb5+ Kf4
76. h4 Kg4 77. h5 Nf4 78. Rg5+ Kh3 79. Re5 Kh4 80. Re7 Rxa6+ 81. Bxa6 Nd5)
75... Nc5 $4 {[%eval 556,0] Blunder. Nc7 was best.} (75... Nc7 76. Re3+ Kf4 77.
Rf3+ Kg5 78. Rg3+ Kh4 79. Rg4+ Kxh3 80. Rg7 Rxa6 81. Bxa6 Nxa6 82. Rg5) 76. Rb5
{[%eval 604,0]} Kd6 {[%eval 548,0]} 77. Rxc5 {[%eval 548,0]} Kxc5 {[%eval 562,
0]} 78. Kg7 {[%eval 564,0]} 1-0

[Event "37th Reykjavik op"]
[Site "Reykjavik ISL"]
[Date "2024.03.17"]
[Round "4.37"]
[White "Gikas, Andreas Basilius"]
[Black "Katz, Alexander"]
[WhiteElo "2104"]
[BlackElo "2418"]
[Result "0-1"]
[EventDate "2024.03.15"]
[PlyCount "60"]

1. e4 {[%eval 13,0]} c5 {[%eval 33,0]} 2. Nf3 {[%eval 22,0]} d6 {[%eval 0,0]}
3. d4 {[%eval 18,0]} cxd4 {[%eval 13,0]} 4. Nxd4 {[%eval 27,0]} Nf6 {[%eval 3,
0]} 5. Nc3 {[%eval 21,0]} g6 $6 {[%eval 79,0] Inaccuracy. a6 was best.} (5...
a6 6. Be3 e5 7. Nf3 Be7 8. Bc4 O-O 9. O-O Nc6 10. Bg5) 6. Be3 {[%eval 46,0]}
Bg7 {[%eval 58,0]} 7. f3 {[%eval 46,0]} O-O {[%eval 51,0]} 8. Bc4 {[%eval 46,0]
} Nc6 {[%eval 35,0]} 9. Bb3 {[%eval 42,0]} Bd7 {[%eval 51,0]} 10. h4 {[%eval
51,0]} h5 {[%eval 63,0]} 11. Qd2 {[%eval 52,0]} Rc8 {[%eval 61,0]} 12. Nxc6 {
[%eval 41,0]} Bxc6 {[%eval 85,0]} 13. O-O-O {[%eval 86,0]} a5 {[%eval 133,0]}
14. Bh6 $2 {[%eval 21,0] Mistake. a4 was best.} (14. a4) 14... Kh7 {[%eval 42,
0]} 15. Bxg7 {[%eval 49,0]} Kxg7 {[%eval 5,0]} 16. Qd4 $6 {[%eval 29,0]
Inaccuracy. a4 was best.} (16. a4 Qb6) 16... b5 {[%eval 18,0]} 17. g4 $6 {
[%eval 87,0] Inaccuracy. a3 was best.} (17. a3 Qc7) 17... a4 $6 {[%eval 8,0]
Inaccuracy. b4 was best.} (17... b4 18. Na4 hxg4 19. h5 e5 20. Qe3 gxf3 21.
hxg6 Ng4 22. Qxf3 Qg5+ 23. Kb1 fxg6 24. Qe2) 18. g5 {[%eval 21,0]} axb3 {
[%eval 14,0]} 19. gxf6+ {[%eval 24,0]} exf6 {[%eval 28,0]} 20. axb3 {[%eval 14,
0]} Qa5 {[%eval 24,0]} 21. b4 {[%eval 24,0]} Qa8 $6 {[%eval 9,0] Inaccuracy.
Qa6 was best.} (21... Qa6 22. Rhg1 Rfe8 23. b3 Ra8 24. Rge1 Rec8 25. Rd3 Re8
26. Rh1 Rad8 27. Rdd1 d5 28. exd5) 22. Kb1 $6 {[%eval 3,0] Inaccuracy. b3 was
best.} (22. b3) 22... Rc7 {[%eval 0,0]} 23. Nd5 $6 {[%eval 73,0] Inaccuracy.
Rhg1 was best.} (23. Rhg1 Re8 24. Kc1 Rec8 25. Kb1 Ra7 26. Kc1) 23... Bxd5 {
[%eval 55,0]} 24. Qxd5 {[%eval 42,0]} Qa4 {[%eval 47,0]} 25. c3 {[%eval 4,0]}
Ra8 {[%eval 66,0]} 26. Rhg1 $2 {[%eval -4,0] Mistake. Kc1 was best.} (26. Kc1)
26... Rc4 {[%eval -16,0]} 27. f4 $4 {[%eval -373,0] Blunder. Rd2 was best.} (
27. Rd2) 27... Qa2+ {[%eval -391,0]} 28. Kc2 $6 {[%eval -461,0] Inaccuracy.
Kc1 was best.} (28. Kc1 Ra3 29. Qd2 Rb3 30. Qc2 Rbxb4 31. Rg3 Rb3 32. e5 dxe5
33. Rd7 Qa1+ 34. Qb1 Qxb1+) 28... Ra3 {[%eval -422,0]} 29. Rg3 {[%eval -514,0]}
Qb3+ {[%eval -542,0]} 30. Kb1 $4 {[%eval -32737,0] Checkmate is now
unavoidable. Kd2 was best.} (30. Kd2 Qxb2+ 31. Ke1 Qh2 32. Re3 Ra2 33. Rd2 Ra1+
34. Rd1 Qxf4 35. Ke2 Qh2+ 36. Ke1 Qxh4+) 30... Ra2 {[%eval -32737,0]} 0-1

[Event "37th Reykjavik op"]
[Site "Reykjavik ISL"]
[Date "2024.03.17"]
[Round "4.38"]
[White "Botez, Alexandra"]
[Black "Rognvaldsson, Geir"]
[WhiteElo "1986"]
[BlackElo "1699"]
[Result "1-0"]
[EventDate "2024.03.15"]
[PlyCount "57"]

1. d4 {[%eval 15,0]} Nf6 {[%eval 16,0]} 2. c4 {[%eval 16,0]} e6 {[%eval 21,0]}
3. Nc3 {[%eval 8,0]} c5 {[%eval 59,0]} 4. d5 {[%eval 64,0]} d6 {[%eval 75,0]}
5. Nf3 {[%eval 87,0]} Nbd7 {[%eval 96,0]} 6. h3 {[%eval 74,0]} Be7 {[%eval 100,
0]} 7. dxe6 {[%eval 94,0]} fxe6 {[%eval 103,0]} 8. e4 {[%eval 51,0]} O-O {
[%eval 39,0]} 9. Be3 {[%eval 43,0]} a6 {[%eval 43,0]} 10. Qd2 {[%eval 23,0]}
Nb8 {[%eval 32,0]} 11. O-O-O {[%eval 13,0]} Nc6 {[%eval 33,0]} 12. e5 {[%eval
34,0]} dxe5 {[%eval 42,0]} 13. Qxd8 {[%eval 58,0]} Nxd8 $6 {[%eval 121,0]
Inaccuracy. Rxd8 was best.} (13... Rxd8 14. Rxd8+) 14. Nxe5 {[%eval 124,0]} b6
{[%eval 146,0]} 15. Kb1 $6 {[%eval 35,0] Inaccuracy. g4 was best.} (15. g4 Bb7
16. Rg1 Nc6 17. Nd7 Rfd8 18. Nxb6 Rxd1+ 19. Nxd1 Rb8 20. g5 Ne4 21. f3 Nd6)
15... Bb7 {[%eval 35,0]} 16. f3 {[%eval 36,0]} Nc6 {[%eval 4,0]} 17. Nd7 {
[%eval 12,0]} Nxd7 {[%eval 14,0]} 18. Rxd7 {[%eval 12,0]} Rab8 {[%eval 24,0]}
19. Be2 {[%eval 5,0]} Bf6 {[%eval 1,0]} 20. Na4 {[%eval 17,0]} Nd4 {[%eval 2,0]
} 21. Bxd4 {[%eval 0,0]} Bxd4 {[%eval 1,0]} 22. Rd6 {[%eval 4,0]} b5 {[%eval
23,0]} 23. Nb6 {[%eval 19,0]} bxc4 {[%eval 16,0]} 24. Bxc4 {[%eval 21,0]} Bd5 {
[%eval 16,0]} 25. Nxd5 {[%eval 1,0]} Rxb2+ {[%eval 1,0]} 26. Kc1 {[%eval 3,0]}
exd5 $4 {[%eval 399,0] Blunder. Rfb8 was best.} (26... Rfb8 27. Bb3 exd5 28.
Rxd5 Kh8 29. Rxd4 R2xb3 30. axb3 cxd4 31. Re1 Kg8 32. Kb2 Rb6 33. Re4) 27. Rxd5
{[%eval 391,0]} Bf6 $4 {[%eval 32764,0] Checkmate is now unavoidable. Kh8 was
best.} (27... Kh8 28. Rxd4 Rxg2 29. Rd2 Rg3 30. Bd5 Rd8 31. Rb2 g6 32. Be4 Rd4
33. h4 Kg7 34. h5) 28. Rd8+ {[%eval 32766,0]} Kh8 {[%eval 32766,0]} 29. Rxf8#
1-0

[Event "37th Reykjavik op"]
[Site "Reykjavik ISL"]
[Date "2024.03.17"]
[Round "4.39"]
[White "Botez, Andrea"]
[Black "Fridjonsson, Julius"]
[WhiteElo "1825"]
[BlackElo "2070"]
[Result "1-0"]
[EventDate "2024.03.15"]
[PlyCount "77"]

1. d4 {[%eval 15,0]} Nf6 {[%eval 16,0]} 2. Nc3 {[%eval 0,0]} d5 {[%eval 3,0]}
3. Bf4 {[%eval 0,0]} c5 {[%eval 0,0]} 4. e3 {[%eval 0,0]} a6 {[%eval 12,0]} 5.
dxc5 {[%eval 4,0]} Nc6 $6 {[%eval 64,0] Inaccuracy. Qa5 was best.} (5... Qa5 6.
Nf3 Qxc5 7. Be2 e6 8. O-O Nbd7 9. Bg3 Be7 10. Nd2) 6. Nf3 $6 {[%eval 4,0]
Inaccuracy. a3 was best.} (6. a3 e5 7. Bg5 Be6 8. b4 Be7 9. Nf3 O-O 10. Be2 Qc7
) 6... Bg4 {[%eval 13,0]} 7. h3 {[%eval 0,0]} Bxf3 {[%eval 0,0]} 8. Qxf3 {
[%eval 0,0]} e6 {[%eval 0,0]} 9. Bg5 {[%eval 52,0]} Bxc5 {[%eval 55,0]} 10. e4
$6 {[%eval -48,0] Inaccuracy. Bxf6 was best.} (10. Bxf6) 10... Nd4 $2 {[%eval
32,0] Mistake. d4 was best.} (10... d4) 11. Qd3 {[%eval 24,0]} dxe4 $6 {
[%eval 74,0] Inaccuracy. Qa5 was best.} (11... Qa5 12. Bd2 O-O-O 13. exd5 Qc7
14. O-O-O Nxd5 15. Nxd5 Rxd5 16. Qc4 Rhd8 17. Bd3 Nb5 18. Kb1) 12. Nxe4 {
[%eval 58,0]} Be7 {[%eval 63,0]} 13. Bxf6 {[%eval 64,0]} gxf6 {[%eval 94,0]}
14. O-O-O {[%eval 91,0]} Nc6 $6 {[%eval 194,0] Inaccuracy. f5 was best.} (14...
f5 15. Qxd4) 15. Qc3 {[%eval 185,0]} Qc7 {[%eval 228,0]} 16. Kb1 $4 {[%eval 4,
0] Blunder. Nxf6+ was best.} (16. Nxf6+ Bxf6 17. Qxf6 Qe5 18. Qxe5 Nxe5 19. f4
Nc6 20. Be2 Ke7 21. Bf3 Rhd8 22. Rhe1 Rxd1+) 16... Qe5 {[%eval 2,0]} 17. Qxe5 {
[%eval 3,0]} fxe5 {[%eval 1,0]} 18. Be2 $6 {[%eval 45,0] Inaccuracy. g4 was
best.} (18. g4 Rd8) 18... Rd8 {[%eval 2,0]} 19. Bh5 {[%eval 31,0]} Rd4 $6 {
[%eval 32,0] Inaccuracy. O-O was best.} (19... O-O 20. Nd2) 20. Rhe1 {[%eval
23,0]} Rf8 {[%eval 52,0]} 21. c3 {[%eval 53,0]} Rd5 {[%eval 64,0]} 22. Bf3 $6 {
[%eval 24,0] Inaccuracy. Nd2 was best.} (22. Nd2 Rd7 23. Bf3 f6 24. a4 Kf7 25.
Nc4 Rc7 26. a5 Rd8 27. b3 Rcc8 28. Be4 Rxd1+) 22... Kd8 $4 {[%eval 189,0]
Blunder. f5 was best.} (22... f5 23. Nd2) 23. Nd2 {[%eval 196,0]} Rd7 {[%eval
187,0]} 24. Bxc6 {[%eval 197,0]} bxc6 {[%eval 198,0]} 25. Rxe5 {[%eval 195,0]}
Kc7 {[%eval 189,0]} 26. Kc2 {[%eval 194,0]} Rfd8 {[%eval 195,0]} 27. g3 {
[%eval 109,0]} h6 {[%eval 203,0]} 28. Re2 {[%eval 195,0]} Bg5 {[%eval 253,0]}
29. f4 {[%eval 235,0]} Be7 {[%eval 239,0]} 30. Rg1 {[%eval 206,0]} Rd5 {
[%eval 228,0]} 31. Nf3 $6 {[%eval 156,0] Inaccuracy. Rf1 was best.} (31. Rf1)
31... Bf6 $6 {[%eval 253,0] Inaccuracy. Bd6 was best.} (31... Bd6 32. Nd2 Rg8
33. Ne4 Be7 34. Rgg2 Rh5 35. h4 Rd5 36. Nd2 h5 37. Nc4 Rf5 38. a3) 32. Rd2 $6 {
[%eval 162,0] Inaccuracy. g4 was best.} (32. g4 Bg7 33. Rf1 Rd3 34. a4 R8d5 35.
h4 Rd7 36. Ree1 R3d5 37. Re4 c5 38. h5 Kc6) 32... Rh5 $6 {[%eval 248,0]
Inaccuracy. Be7 was best.} (32... Be7 33. Rgg2) 33. Rxd8 {[%eval 254,0]} Bxd8 {
[%eval 258,0]} 34. Rh1 {[%eval 257,0]} Rd5 {[%eval 287,0]} 35. Ne5 {[%eval 272,
0]} f6 {[%eval 207,0]} 36. Nf7 {[%eval 266,0]} h5 $6 {[%eval 364,0] Inaccuracy.
Rd7 was best.} (36... Rd7 37. Nxh6 Rg7 38. Ng4 f5 39. Ne5 Rxg3 40. h4 Be7 41.
h5 Rg7 42. Kb3 Rh7 43. Kc4) 37. Re1 {[%eval 358,0]} e5 {[%eval 434,0]} 38. fxe5
{[%eval 418,0]} fxe5 {[%eval 438,0]} 39. Nxe5 $6 {[%eval 349,0] Inaccuracy.
Rxe5 was best.} (39. Rxe5 Bf6 40. Rxd5 cxd5 41. g4 hxg4 42. hxg4 a5 43. g5 Bg7
44. Nh6 Kd7 45. Nf5 Be5) 1-0